000 00204nam a22000977a 4500
008 210707s2011 xx 000 0 und d
041 _aeng
082 _a052 HA
245 _aHealth Action
260 _c2011
999 _c179737
_d179737